<?xml version="1.0" encoding="UTF-8"?><?xml-stylesheet type="text/xsl" href="static/style.xsl"?><OAI-PMH xmlns="http://www.openarchives.org/OAI/2.0/" xmlns:xsi="http://www.w3.org/2001/XMLSchema-instance" xsi:schemaLocation="http://www.openarchives.org/OAI/2.0/ http://www.openarchives.org/OAI/2.0/OAI-PMH.xsd"><responseDate>2026-04-29T00:59:51Z</responseDate><request verb="GetRecord" identifier="oai:repisalud.isciii.es:20.500.12105/5441" metadataPrefix="marc">https://repisalud.isciii.es/rest/oai/request</request><GetRecord><record><header><identifier>oai:repisalud.isciii.es:20.500.12105/5441</identifier><datestamp>2025-06-02T12:36:48Z</datestamp><setSpec>com_20.500.12105_2405</setSpec><setSpec>com_20.500.12105_2403</setSpec><setSpec>col_20.500.12105_2412</setSpec></header><metadata><record xmlns="http://www.loc.gov/MARC21/slim" xmlns:dcterms="http://purl.org/dc/terms/" xmlns:doc="http://www.lyncode.com/xoai" xmlns:xsi="http://www.w3.org/2001/XMLSchema-instance" xsi:schemaLocation="http://www.loc.gov/MARC21/slim http://www.loc.gov/standards/marcxml/schema/MARC21slim.xsd">
   <leader>00925njm 22002777a 4500</leader>
   <datafield ind2=" " ind1=" " tag="042">
      <subfield code="a">dc</subfield>
   </datafield>
   <datafield ind2=" " ind1=" " tag="720">
      <subfield code="a">Villán Villán, Yuri Fabiola</subfield>
      <subfield code="e">author</subfield>
   </datafield>
   <datafield ind2=" " ind1=" " tag="720">
      <subfield code="a">Garcia-Perez, Sonia</subfield>
      <subfield code="e">author</subfield>
   </datafield>
   <datafield ind2=" " ind1=" " tag="720">
      <subfield code="a">Mispireta Loli, Sergio Ricardo</subfield>
      <subfield code="e">author</subfield>
   </datafield>
   <datafield ind2=" " ind1=" " tag="720">
      <subfield code="a">Sarria-Santamera, Antonio</subfield>
      <subfield code="e">author</subfield>
   </datafield>
   <datafield ind2=" " ind1=" " tag="260">
      <subfield code="c">2015-11</subfield>
   </datafield>
   <datafield ind2=" " ind1=" " tag="520">
      <subfield code="a">La Atención Primaria (AP) es la base del sistema sanitario. En este nivel de atención se realiza la mayor parte del diagnóstico, tratamiento y seguimiento de las condiciones crónicas. Se han escrito guías clínicas basadas en la evidencia científica que recomiendan los procedimientos que se deben realizar para la mayoría de las condiciones crónicas. El cumplimiento de estas recomendaciones se mide dentro de los planes de calidad de los sistemas de salud. Sin embargo, existe menos documentación acerca de los determinantes que contribuyen al cumplimiento de los procedimientos clínicos en AP. La multimorbilidad representa un problema especial, dado que las guías y recomendaciones se plantean normalmente para el seguimiento solamente de una enfermedad en concreto. Conocer estos determinantes, especialmente los que puedan ser modificables, podría ser de gran utilidad para la mejora continua en la adecuación de los servicios asistenciales de los pacientes crónicos. 
El objetivo es desarrollar un Indicador Compuesto para la medida del grado de cumplimiento de las recomendaciones de varias enfermedades y problemas de salud y conocer la frecuencia de cumplimiento de procedimientos recomendados por guías clínicas en el manejo de pacientes crónicos en AP en siete países europeos e identificar los determinantes asociados a este cumplimiento.</subfield>
   </datafield>
   <datafield ind1="8" ind2=" " tag="024">
      <subfield code="a">Determinantes asociados al cumplimiento de los procedimientos clínicos empleados en el manejo de los pacientes crónicos en atención primaria. Madrid: AETS - Instituto de Salud Carlos III; 2015.</subfield>
   </datafield>
   <datafield ind1="8" ind2=" " tag="024">
      <subfield code="a">http://hdl.handle.net/20.500.12105/5441</subfield>
   </datafield>
   <datafield ind1="8" ind2=" " tag="024">
      <subfield code="a">10.4321/repisalud.5441</subfield>
   </datafield>
   <datafield ind1="8" ind2=" " tag="024">
      <subfield code="a">72515033X</subfield>
   </datafield>
   <datafield ind2="0" ind1="0" tag="245">
      <subfield code="a">Determinantes asociados al cumplimiento de los procedimientos clínicos empleados en el manejo de los pacientes crónicos en atención primaria</subfield>
   </datafield>
</record></metadata></record></GetRecord></OAI-PMH>